RESEARCH METHODOLOGY AND BIOSTATISTICS (Record no. 17355)

MARC details
000 -LEADER
fixed length control field 00335nam a22001457a 4500
003 - CONTROL NUMBER IDENTIFIER
control field SGT
020 ## - INTERNATIONAL STANDARD BOOK NUMBER
International Standard Book Number 9781543-342724
082 ## - DEWEY DECIMAL CLASSIFICATION NUMBER
Classification number 610.01
Item number R18B
100 ## - MAIN ENTRY--PERSONAL NAME
Personal name BAIS,VINOD KUMAR
245 ## - TITLE STATEMENT
Title RESEARCH METHODOLOGY AND BIOSTATISTICS
260 ## - PUBLICATION, DISTRIBUTION, ETC. (IMPRINT)
Place of publication, distribution, etc JALANDHAR
Name of publisher, distributor, etc S. VIKASH
Year of Publication 2018
300 ## - PAGE DESCRIPTION
No. of Pages 264
650 ## - SUBJECT ADDED ENTRY--TOPICAL TERM
Topical term or geographic name as entry element PHARMACY
942 ## - ADDED ENTRY ELEMENTS (KOHA)
Source of classification or shelving scheme Dewey Decimal Classification
Koha item type Books
942 ## - ADDED ENTRY ELEMENTS (KOHA)
-- 34
Holdings
Withdrawn status Lost status Source of classification or shelving scheme Damaged status Not for loan Collection code Home library Current library Shelving location Date acquired Vendor Name Cost, normal purchase price SGTU Bill Number Total Checkouts Full call number Accession No. (Barcode) Date last seen Date last borrowed Bill Date Koha item type Use restrictions
    Dewey Decimal Classification     PHARMACY SGT FA-FP Library SGT FA-FP Library Text Book 05/04/2019 AHUJA PUB 385.00 SGTU 10918 12 610.01 R18B FP3301 11/03/2026 11/03/2026 03/04/2019 Books  
    Dewey Decimal Classification     PHARMACY SGT FA-FP Library SGT FA-FP Library Text Book 05/04/2019 AHUJA PUB 385.00 SGTU 10918 12 610.01 R18B FP3302 30/12/2024 11/12/2024 03/04/2019 Books  
    Dewey Decimal Classification     PHARMACY SGT FA-FP Library SGT FA-FP Library Reference Book 05/04/2019 AHUJA PUB 385.00 SGTU 10918   610.01 R18B FP3303 05/04/2019   03/04/2019 Books Restricted Access
    Dewey Decimal Classification     PHARMACY SGT FA-FP Library SGT FA-FP Library Text Book 05/04/2019 AHUJA PUB 385.00 SGTU 10918 16 610.01 R18B FP3304 14/06/2024 12/06/2024 03/04/2019 Books  
    Dewey Decimal Classification     PHARMACY SGT FA-FP Library SGT FA-FP Library Text Book 05/04/2019 AHUJA PUB 385.00 SGTU 10918 5 610.01 R18B FP3305 30/12/2024 11/12/2024 03/04/2019 Books